[Event "GER-ch U10"]
[Site "Willingen"]
[Date "2023.06.02"]
[Round "10"]
[White "Fels, Mattis"]
[Black "Ishcenko, Volodymyr"]
[Result "1-0"]
[WhiteElo "1682"]
[BlackElo "1220"]
[PlyCount "63"]
[EventDate "2023.05.27"]
[EventType "swiss"]
[EventRounds "11"]
[EventCountry "GER"]
[SourceTitle "CBM 214 Extra"]
[Source "ChessBase"]
[SourceDate "2023.07.31"]
[SourceVersion "1"]
[SourceVersionDate "2023.07.31"]
[SourceQuality "1"]

1. d4 d5 2. Nc3 Nf6 3. Bf4 a6 4. e3 e6 5. Nf3 c5 6. dxc5 Bxc5 7. Bd3 Nc6 8. 0-0 0-0 9. e4 dxe4 10. Nxe4 Nxe4 11. Bxe4 Qf6 12. Bg5 Qxb2 13. Qd3 h6 14. Rfb1 Qa3 15. Rb3 Qa5 16. Bh4 Qc7 17. Rd1 Nb4 18. Qc3 Nxa2 19. Qb2 Nb4 20. Rxb4 Bxb4 21. Qxb4 f5 22. Bg3 f4 23. Bh4 g5 24. Bxg5 hxg5 25. Nxg5 Qg7 26. Nh7 Re8 27. Qa4 Re7 28. Rd8+ Kf7 29. Rf8+ Qxf8 30. Nxf8 Kxf8 31. Qd4 a5 32. Bg6 1-0

[Event "GER-ch U10"]
[Site "Willingen"]
[Date "2023.06.02"]
[Round "9"]
[White "Sutharjan, Dakxwin"]
[Black "Fels, Mattis"]
[Result "1-0"]
[WhiteElo "1438"]
[BlackElo "1682"]
[PlyCount "137"]
[EventDate "2023.05.27"]
[EventType "swiss"]
[EventRounds "11"]
[EventCountry "GER"]
[SourceTitle "CBM 214 Extra"]
[Source "ChessBase"]
[SourceDate "2023.07.31"]
[SourceVersion "1"]
[SourceVersionDate "2023.07.31"]
[SourceQuality "1"]

1. e4 c5 2. d4 cxd4 3. c3 dxc3 4. Nxc3 Nc6 5. Nf3 e6 6. Bc4 a6 7. 0-0 Nge7 8. Bg5 h6 9. Be3 b5 10. Bb3 Ng6 11. Nd4 Bb7 12. Nxc6 Bxc6 13. Re1 Be7 14. Qe2 0-0 15. Rad1 Qc7 16. Rc1 Qb7 17. Qg4 b4 18. Na4 Bxe4 19. Nc5 Bxc5 20. Bxc5 Bf5 21. Qxb4 Qxb4 22. Bxb4 Rfc8 23. Bd6 a5 24. Ba4 Nf8 25. Bxf8 Kxf8 26. Bxd7 Rd8 27. Rc7 Rab8 28. b3 a4 29. Bxa4 Rd2 30. h3 Rbd8 31. Rec1 e5 32. b4 Rxa2 33. Bb3 Rb2 34. Rxf7+ Ke8 35. Rxf5 Rxb3 36. Rxe5+ Kf7 37. Rb5 Rd4 38. Rc7+ Kf6 39. Rb6+ Ke5 40. Rxg7 Rbxb4 41. Rxb4 Rxb4 42. Rg6 Rh4 43. Kh2 Kf5 44. Ra6 Kg5 45. g4 Kf4 46. Kg2 h5 47. Rh6 Kg5 48. Rxh5+ Rxh5 49. gxh5 Kxh5 50. f4 Kg6 51. Kg3 Kh5 52. h4 Kh6 53. Kg4 Kg6 54. h5+ Kf6 55. f5 Kf7 56. Kg5 Kg7 57. h6+ Kf7 58. h7 Kg7 59. h8Q+ Kxh8 60. Kf6 Kh7 61. Ke7 Kg8 62. f6 Kh7 63. f7 Kg6 64. f8Q Kh7 65. Qf6 Kg8 66. Ke8 Kh7 67. Qg5 Kh8 68. Kf7 Kh7 69. Qg7# 1-0

[Event "GER-ch U10"]
[Site "Willingen"]
[Date "2023.05.28"]
[Round "2"]
[White "Fels, Mattis"]
[Black "Simon, Levi Paul"]
[Result "1-0"]
[WhiteElo "1682"]
[BlackElo "1297"]
[PlyCount "81"]
[EventDate "2023.05.27"]
[EventType "swiss"]
[EventRounds "11"]
[EventCountry "GER"]
[SourceTitle "CBM 214 Extra"]
[Source "ChessBase"]
[SourceDate "2023.07.31"]
[SourceVersion "1"]
[SourceVersionDate "2023.07.31"]
[SourceQuality "1"]

1. d4 d5 2. Nc3 Nf6 3. Bf4 c5 4. e3 cxd4 5. exd4 a6 6. Nf3 Bg4 7. Be2 Nc6 8. 0-0 e6 9. Na4 Bxf3 10. Bxf3 Bd6 11. Bxd6 Qxd6 12. c3 Nd7 13. b4 0-0 14. Qd3 Na7 15. Nc5 b5 16. Rfe1 Nc6 17. a4 Nxc5 18. bxc5 Qb8 19. Reb1 Qf4 20. axb5 axb5 21. Qxb5 Ne7 22. Rxa8 Rxa8 23. g3 Qc7 24. Qb7 Ra7 25. Qxc7 Rxc7 26. Rb8+ Rc8 27. Rxc8+ Nxc8 28. Be2 Kf8 29. Bd3 Ke7 30. Kg2 h6 31. Kf3 f6 32. Kg4 Na7 33. Kh5 Nc6 34. Kg6 Kf8 35. Bb5 Ne7+ 36. Kh7 Kf7 37. c6 Nc8 38. Ba6 Ne7 39. c7 Ng6 40. c8Q Nf8+ 41. Qxf8+ 1-0

[Event "GER-ch U10"]
[Site "Willingen"]
[Date "2022.06.11"]
[Round "11"]
[White "Yao, Haiyang"]
[Black "Fels, Mattis"]
[Result "1-0"]
[WhiteElo "1098"]
[BlackElo "1395"]
[PlyCount "129"]
[EventDate "2022.06.04"]
[EventType "swiss"]
[EventRounds "11"]
[EventCountry "GER"]
[SourceTitle "CBM 208 Extra"]
[Source "ChessBase"]
[SourceDate "2022.07.31"]
[SourceVersion "1"]
[SourceVersionDate "2022.07.31"]
[SourceQuality "1"]

1. e4 c5 2. Nc3 e6 3. g3 d5 4. Bg2 d4 5. Nce2 d3 6. Nf4 c4 7. Nf3 g5 8. Nh5 g4 9. Ng1 e5 10. f3 Nh6 11. h3 gxh3 12. Bxh3 Bxh3 13. Rxh3 Qb6 14. Rh1 Bc5 15. Nh3 Rg8 16. c3 Nd7 17. Qa4 0-0-0 18. b4 Be7 19. b5 Nc5 20. Qxc4 Qg6 21. Nf2 f5 22. Ba3 b6 23. Bxc5 Bxc5 24. Nxd3 Qd6 25. Ke2 Rd7 26. Nxc5 Qxd2+ 27. Kf1 bxc5 28. Nf6 Rxg3 29. Qxc5+ Rc7 30. Qf2 Qxf2+ 31. Kxf2 Rg6 32. Nd5 Rf7 33. exf5 Nxf5 34. Rh5 Kd7 35. Re1 Kd6 36. Rd1 Kc5 37. Ne3 Nxe3 38. Rxe5+ Kc4 39. Kxe3 Kxc3 40. Rc5+ Kb4 41. Rdc1 Re6+ 42. Kf2 Ref6 43. R5c3 Kxb5 44. Rb3+ Ka6 45. Rc4 Rf4 46. Rxf4 Rxf4 47. Kg3 Rd4 48. f4 Rd2 49. Rf3 Rxa2 50. f5 Rd2 51. f6 Rd8 52. f7 Rf8 53. Kg4 Kb6 54. Kg5 a5 55. Kh6 a4 56. Kg7 a3 57. Kxf8 a2 58. Ra3 a1N 59. Rxa1 h5 60. Ke7 h4 61. f8Q h3 62. Qc8 h2 63. Rb1+ Ka7 64. Qb8+ Ka6 65. Qa8# 1-0

[Event "GER-ch U10"]
[Site "Willingen"]
[Date "2022.06.10"]
[Round "9"]
[White "Fels, Mattis"]
[Black "Lanert, Theodor"]
[Result "0-1"]
[WhiteElo "1395"]
[BlackElo "1306"]
[PlyCount "44"]
[EventDate "2022.06.04"]
[EventType "swiss"]
[EventRounds "11"]
[EventCountry "GER"]
[SourceTitle "CBM 208 Extra"]
[Source "ChessBase"]
[SourceDate "2022.07.31"]
[SourceVersion "1"]
[SourceVersionDate "2022.07.31"]
[SourceQuality "1"]

1. d4 Nf6 2. Nc3 c5 3. d5 d6 4. e4 g6 5. Bf4 Bg7 6. Qd2 Qb6 7. Na4 Qc7 8. Nf3 Nxe4 9. Qe3 Qa5+ 10. Nd2 Nxd2 11. Qxd2 Qxa4 12. Qe3 0-0 13. 0-0-0 Qxa2 14. Bh6 Qxb2+ 15. Kd2 Qd4+ 16. Bd3 Qxe3+ 17. Bxe3 e6 18. dxe6 Bxe6 19. Rb1 c4 20. Be2 c3+ 21. Kd3 d5 22. Rxb7 Bf5# 0-1

[Event "GER-ch U10"]
[Site "Willingen"]
[Date "2022.06.06"]
[Round "4"]
[White "Zhao, Yunsheng"]
[Black "Fels, Mattis"]
[Result "1-0"]
[WhiteElo "1144"]
[BlackElo "1395"]
[PlyCount "99"]
[EventDate "2022.06.04"]
[EventType "swiss"]
[EventRounds "11"]
[EventCountry "GER"]
[SourceTitle "CBM 208 Extra"]
[Source "ChessBase"]
[SourceDate "2022.07.31"]
[SourceVersion "1"]
[SourceVersionDate "2022.07.31"]
[SourceQuality "1"]

1. e4 c5 2. Nf3 e6 3. d4 cxd4 4. Nxd4 Nc6 5. Nf3 Qc7 6. Nc3 a6 7. Be3 b5 8. a4 b4 9. Na2 Nf6 10. Bd3 a5 11. 0-0 Ba6 12. Re1 Bxd3 13. cxd3 Rc8 14. Rc1 Bd6 15. h3 Qb8 16. Nd4 Ne5 17. Rxc8+ Qxc8 18. Nb5 Bc5 19. d4 Nxe4 20. dxc5 0-0 21. Bd4 d5 22. Bxe5 Qxc5 23. Bd4 Qc4 24. Qg4 g6 25. Nc1 Qc2 26. Qe2 Qc6 27. Nd3 f5 28. Rc1 Qe8 29. Rc7 Rf7 30. Rxf7 Qxf7 31. Ne5 Qb7 32. Qc2 Qb8 33. Qc7 Qf8 34. f3 Nf6 35. Nd7 Nxd7 36. Qxd7 b3 37. Nc7 e5 38. Qxd5+ Kg7 39. Bxe5+ Kh6 40. Ne6 Qe7 41. Bf4+ g5 42. Bxg5+ Qxg5 43. Nxg5 Kxg5 44. g4 Kg6 45. Qxf5+ Kg7 46. g5 Kg8 47. Qf6 h6 48. g6 h5 49. Qf7+ Kh8 50. Qh7# 1-0